000 00270nam a22001217a 4500
020 _a071313295
082 _a670.42 CHA
100 _aCHAPMAN, W.A.J
_910212
245 _aSENIOR WORKSHOP CALCULATIONS
260 _aLONDON
_bEDWARD
_c1972
300 _a244P
942 _cBK
999 _c580933
_d580933